[Event "HUN-chT2 Toth 1415"]
[Site "Hungary"]
[Date "2014.11.16"]
[Round "4.1"]
[White "Lovas, Daniel"]
[Black "Fabian Nagy, Sandor"]
[Result "1-0"]
[WhiteElo "2128"]
[BlackElo "2042"]
[PlyCount "120"]
[EventDate "2014.09.07"]
[EventType "team-tourn"]
[EventRounds "11"]
[EventCountry "HUN"]
[SourceTitle "EXT 2016"]
[Source "ChessBase"]
[SourceDate "2015.10.08"]
[SourceVersion "1"]
[SourceVersionDate "2015.10.08"]
[SourceQuality "1"]
[WhiteTeam "Toth Laszlo"]
[BlackTeam "Szentes"]
[WhiteTeamCountry "HUN"]
[BlackTeamCountry "HUN"]

1. e4 c5 2. c3 e6 3. d4 cxd4 4. cxd4 d5 5. Nc3 dxe4 6. Nxe4 Nc6 7. Nf3 Be7 8. Be2 Nf6 9. Nc3 0-0 10. 0-0 b6 11. a3 Bb7 12. Qd3 Rc8 13. Rd1 Rc7 14. Be3 Rd7 15. Qc2 a6 16. Rd2 Qc7 17. Rad1 Rfd8 18. b4 b5 19. Ne1 Bd6 20. h3 Bf4 21. Bf3 Bxe3 22. fxe3 Nd5 23. Nxd5 exd5 24. Nd3 Re7 25. Re2 Qd6 26. Qd2 Rde8 27. Qe1 g6 28. Qf2 a5 29. Rb1 axb4 30. axb4 f5 31. Nc5 Bc8 32. Ree1 Kg7 33. Nd3 g5 34. Bd1 f4 35. exf4 Rxe1+ 36. Nxe1 gxf4 37. Bc2 Nxb4 38. Bd3 Nxd3 39. Nxd3 Qg6 40. Rd1 Rf8 41. Nxf4 Qg5 42. Rf1 Kg8 43. Qf3 Rf5 44. Kf2 b4 45. g3 Rf7 46. Re1 Bd7 47. Re5 Qh6 48. h4 b3 49. Rg5+ Kf8 50. Qxb3 Qd6 51. Qxd5 Qa3 52. Qg2 Qd3 53. Qa8+ Be8 54. Qa2 Bd7 55. d5 Bf5 56. Qb2 Be4 57. Qb8+ Ke7 58. Qe5+ Kf8 59. Qe6 Re7 60. Qf6+ Ke8 1-0

[Event "HUN-chT2 Toth 1415"]
[Site "Hungary"]
[Date "2014.10.12"]
[Round "3.4"]
[White "Fabian Nagy, Sandor"]
[Black "Szekeres, Sebestyen"]
[Result "1/2-1/2"]
[WhiteElo "2042"]
[BlackElo "2027"]
[PlyCount "130"]
[EventDate "2014.09.07"]
[EventType "team-tourn"]
[EventRounds "11"]
[EventCountry "HUN"]
[SourceTitle "EXT 2016"]
[Source "ChessBase"]
[SourceDate "2015.10.08"]
[SourceVersion "1"]
[SourceVersionDate "2015.10.08"]
[SourceQuality "1"]
[WhiteTeam "Szentes"]
[BlackTeam "Felegyhaza Csongrad"]
[WhiteTeamCountry "HUN"]
[BlackTeamCountry "HUN"]

1. e4 e5 2. Nf3 d6 3. d4 exd4 4. Nxd4 Nf6 5. Nc3 Be7 6. f4 a6 7. Be2 b5 8. e5 dxe5 9. fxe5 Nfd7 10. Bf3 Ra7 11. e6 Ne5 12. exf7+ Nxf7 13. Be3 c5 14. Nc6 Nxc6 15. Bxc6+ Bd7 16. Bd5 0-0 17. 0-0 Be8 18. Qf3 b4 19. Ne4 Qb6 20. Rf2 Kh8 21. Re1 h6 22. Ref1 Rd7 23. Bb3 Rd8 24. Qh5 g6 25. Bxc5 Bxc5 26. Qxc5 Qxc5 27. Nxc5 Bb5 28. Re1 Ng5 29. Rxf8+ Rxf8 30. h4 Nh7 31. Re7 Rf1+ 32. Kh2 Nf6 33. Re6 a5 34. Rb6 Be2 35. Re6 Bb5 36. Rb6 Be2 37. Rb7 Rf2 38. Ne6 Bh5 39. Ra7 Rf5 40. Ra8+ Kh7 41. c4 Ng4+ 42. Kg3 Ne3 43. Ra7+ Kh8 44. Kh2 Ng4+ 45. Kg3 Ne3 46. Ng7 Rc5 47. Ne8 g5 48. Nf6 Nf1+ 49. Kh3 g4+ 50. Nxg4 Bxg4+ 51. Kxg4 Ne3+ 52. Kf3 Nxc4 53. Bxc4 Rxc4 54. Rxa5 b3 55. g4 bxa2 56. Rxa2 Rb4 57. Ra7 Rxb2 58. Re7 Rb1 59. Kf4 Rf1+ 60. Ke5 Kg8 61. Re6 Kg7 62. Ra6 Rf2 63. Ra4 Kg6 64. Re4 Rf1 65. Ke6 Rf2 1/2-1/2

[Event "HUN-chT2 Toth 1415"]
[Site "Hungary"]
[Date "2014.09.07"]
[Round "1.3"]
[White "Kiss, Balazs Janos"]
[Black "Fabian Nagy, Sandor"]
[Result "1/2-1/2"]
[WhiteElo "1774"]
[BlackElo "2042"]
[PlyCount "89"]
[EventDate "2014.09.07"]
[EventType "team-tourn"]
[EventRounds "11"]
[EventCountry "HUN"]
[SourceTitle "EXT 2016"]
[Source "ChessBase"]
[SourceDate "2015.10.08"]
[SourceVersion "1"]
[SourceVersionDate "2015.10.08"]
[SourceQuality "1"]
[WhiteTeam "Roszke"]
[BlackTeam "Szentes"]
[WhiteTeamCountry "HUN"]
[BlackTeamCountry "HUN"]

1. d4 g6 2. Bf4 Bg7 3. e3 e6 4. Nf3 d6 5. Nbd2 Nc6 6. Nc4 Bd7 7. Be2 Qe7 8. c3 e5 9. Bg5 f6 10. Bh4 e4 11. Nfd2 h5 12. h3 0-0-0 13. Qc2 g5 14. Bg3 d5 15. Na3 f5 16. c4 f4 17. Bh2 Be6 18. Nb5 a6 19. cxd5 Bxd5 20. Nc3 Nb4 21. Qb1 fxe3 22. fxe3 Nd3+ 23. Bxd3 exd3 24. Nxd5 Rxd5 25. Qxd3 Rxd4 26. Qf5+ Kb8 27. 0-0-0 Rb4 28. Nb3 Qxe3+ 29. Kb1 Ne7 30. Qd7 Qe4+ 31. Ka1 Rc4 32. Rhe1 Qc2 33. Rb1 Nf5 34. Rec1 Nd4 35. Nxd4 Qxc1 36. Qxg7 Re8 37. Be5 Qe3 38. Bf6 Qd3 39. a3 g4 40. hxg4 hxg4 41. Qd7 Re3 42. Qxg4 Rg3 43. Qd7 Qe4 44. Ne6 Rd3 45. Bd4 1/2-1/2

[Event "HUN-chT2 Toth 1314"]
[Site "Hungary"]
[Date "2014.04.13"]
[Round "10.5"]
[White "Marta, Dominik"]
[Black "Fabian Nagy, Sandor"]
[Result "1-0"]
[WhiteElo "1936"]
[BlackElo "2029"]
[PlyCount "83"]
[EventDate "2013.09.08"]
[EventType "team-tourn"]
[EventRounds "11"]
[EventCountry "HUN"]
[SourceTitle "EXT 2016"]
[Source "ChessBase"]
[SourceDate "2015.10.08"]
[SourceVersion "1"]
[SourceVersionDate "2015.10.08"]
[SourceQuality "1"]
[WhiteTeam "Toth Laszlo II"]
[BlackTeam "Szentes"]
[WhiteTeamCountry "HUN"]
[BlackTeamCountry "HUN"]

1. d4 Nf6 2. Nf3 e6 3. e3 c5 4. Bd3 Qc7 5. b3 cxd4 6. exd4 Nc6 7. 0-0 Be7 8. a3 0-0 9. c4 d5 10. Qc2 h6 11. Re1 Rd8 12. c5 b6 13. b4 bxc5 14. dxc5 Ng4 15. Bb2 e5 16. h3 e4 17. hxg4 exd3 18. Qxd3 Bxg4 19. Nbd2 a6 20. Ne5 Be6 21. Nxc6 Qxc6 22. Nf3 Qc8 23. Nd4 Rf8 24. Re2 Bf6 25. Nxe6 fxe6 26. Bxf6 Rxf6 27. Rae1 Qc6 28. Re5 Raf8 29. f3 Rb8 30. Qd4 Rbf8 31. Qe3 Kf7 32. f4 Ke7 33. f5 Kd8 34. fxe6 Ke7 35. Qg3 g5 36. Qd3 Qb5 37. Qh7+ Ke8 38. e7 Rf1+ 39. Kh2 R8f4 40. Qg8+ Kd7 41. Qd8+ Kc6 42. Qc8# 1-0

[Event "HUN-chT2 Toth 1213"]
[Site "Hungary"]
[Date "2013.04.07"]
[Round "10.3"]
[White "Fabian Nagy, Sandor"]
[Black "Kemeny, Csaba"]
[Result "1/2-1/2"]
[WhiteElo "2097"]
[BlackElo "2042"]
[PlyCount "111"]
[EventDate "2012.09.16"]
[EventType "team-tourn"]
[EventRounds "11"]
[EventCountry "HUN"]
[SourceTitle "EXT 2014"]
[Source "ChessBase"]
[SourceDate "2013.11.20"]
[SourceVersion "1"]
[SourceVersionDate "2013.11.20"]
[SourceQuality "1"]
[WhiteTeam "Roszke II"]
[BlackTeam "Felegyhaza Csongrad"]
[WhiteTeamCountry "HUN"]
[BlackTeamCountry "HUN"]

1. e4 c5 2. Nf3 Nc6 3. c3 Nf6 4. Qc2 e5 5. Na3 d5 6. exd5 Nxd5 7. d3 Bd6 8. Be2 0-0 9. Nc4 Bc7 10. 0-0 Bf5 11. Qb3 b6 12. Bg5 Qd7 13. Rad1 f6 14. Be3 Be6 15. Qc2 Nxe3 16. Nxe3 Rad8 17. b3 Qf7 18. Rd2 Rd7 19. Rfd1 Rfd8 20. Qb2 Bb8 21. d4 exd4 22. cxd4 Nxd4 23. Nxd4 cxd4 24. Rxd4 Be5 25. Rxd7 Rxd7 26. Qc2 Qe8 27. Bd3 g6 28. Qc6 Bf7 29. Qc2 Qd8 30. Ng4 Bd4 31. Bb5 Rd6 32. Rc1 Bc5 33. Re1 Rd2 34. Qc3 Kg7 35. a4 Rd4 36. Qf3 Qd6 37. h3 h5 38. Ne3 Rf4 39. Qb7 Rd4 40. Qxa7 Re4 41. Rd1 Re7 42. Qa8 Qe5 43. Rd3 Qa1+ 44. Kh2 Qe5+ 45. g3 Qb2 46. Qf3 Kh7 47. Kg2 Bxe3 48. Rxe3 Rxe3 49. Qxe3 Qxb3 50. Qxb3 Bxb3 51. Kf3 Kg7 52. Ke4 Kf7 53. h4 Ke7 54. f4 Kd6 55. Be8 Bc2+ 56. Kd4 1/2-1/2

[Event "HUN-chT2 Toth 1213"]
[Site "Hungary"]
[Date "2013.03.24"]
[Round "9.3"]
[White "Sarosi, Zoltan"]
[Black "Fabian Nagy, Sandor"]
[Result "1-0"]
[WhiteElo "2266"]
[BlackElo "2097"]
[PlyCount "87"]
[EventDate "2012.09.16"]
[EventType "team-tourn"]
[EventRounds "11"]
[EventCountry "HUN"]
[SourceTitle "EXT 2014"]
[Source "ChessBase"]
[SourceDate "2013.11.20"]
[SourceVersion "1"]
[SourceVersionDate "2013.11.20"]
[SourceQuality "1"]
[WhiteTeam "Toth Laszlo II"]
[BlackTeam "Roszke II"]
[WhiteTeamCountry "HUN"]
[BlackTeamCountry "HUN"]

1. d4 d5 2. c4 c6 3. Nf3 Bf5 4. Nc3 Nf6 5. Qb3 b6 6. cxd5 cxd5 7. e4 dxe4 8. Ne5 Be6 9. Bb5+ Nbd7 10. d5 Bf5 11. Bc6 Rc8 12. h3 h5 13. Bf4 g6 14. Nb5 Bh6 15. Bxh6 Rxh6 16. Nxa7 Rb8 17. Bxd7+ Bxd7 18. Nac6 Qc8 19. Nxb8 Qxb8 20. Nxd7 Nxd7 21. Qe3 Rh8 22. Qxe4 Nc5 23. Qd4 f6 24. 0-0 Qd6 25. Rfe1 e5 26. f4 Nd7 27. fxe5 Nxe5 28. Qa4+ Kf7 29. Qa7+ Nd7 30. Rac1 Rd8 31. Qb7 Kf8 32. Qc6 Qb4 33. Qc7 Re8 34. Rxe8+ Kxe8 35. Qc3 Qd6 36. Qc6 Ke7 37. a3 Ne5 38. Qb7+ Nd7 39. Re1+ Kd8 40. Qc6 Qf4 41. d6 Qd4+ 42. Kh1 Ne5 43. Qc7+ Ke8 44. Qe7# 1-0

[Event "HUN-chT2 Toth 1213"]
[Site "Hungary"]
[Date "2013.03.03"]
[Round "8.3"]
[White "Fabian Nagy, Sandor"]
[Black "Vicsai, Gabor"]
[Result "0-1"]
[WhiteElo "2097"]
[BlackElo "2233"]
[PlyCount "78"]
[EventDate "2012.09.16"]
[EventType "team-tourn"]
[EventRounds "11"]
[EventCountry "HUN"]
[SourceTitle "EXT 2014"]
[Source "ChessBase"]
[SourceDate "2013.11.20"]
[SourceVersion "1"]
[SourceVersionDate "2013.11.20"]
[SourceQuality "1"]
[WhiteTeam "Roszke II"]
[BlackTeam "Mako II"]
[WhiteTeamCountry "HUN"]
[BlackTeamCountry "HUN"]

1. e4 c5 2. Nc3 Nc6 3. Nf3 g6 4. d4 cxd4 5. Nxd4 Bg7 6. Be3 Nf6 7. Bc4 0-0 8. f3 Qb6 9. Qd2 Nxe4 10. fxe4 Bxd4 11. Bxd4 Qxd4 12. Qxd4 Nxd4 13. 0-0-0 Nc6 14. Nd5 Kg7 15. Rhf1 Ne5 16. Bb3 e6 17. Nf6 b5 18. Rd6 Rb8 19. g4 Rd8 20. h4 Bb7 21. h5 h6 22. hxg6 fxg6 23. Bxe6 dxe6 24. Rxe6 Nc6 25. e5 Rf8 26. c3 Rbd8 27. Kc2 a6 28. a3 Nxe5 29. Rxe5 Rxf6 30. Re7+ Kf8 31. Rfe1 Rf7 32. R7e6 Rf2+ 33. Kc1 Kg7 34. Rb6 Bc8 35. Rc6 Bxg4 36. Rxa6 h5 37. Rb6 Bf5 38. Rxb5 Rc2+ 39. Kb1 Re2+ 0-1

[Event "HUN-chT2 Toth 1213"]
[Site "Hungary"]
[Date "2013.01.27"]
[Round "6.4"]
[White "Uj, Imre Attila"]
[Black "Fabian Nagy, Sandor"]
[Result "1/2-1/2"]
[WhiteElo "2058"]
[BlackElo "2097"]
[PlyCount "67"]
[EventDate "2012.09.16"]
[EventType "team-tourn"]
[EventRounds "11"]
[EventCountry "HUN"]
[SourceTitle "EXT 2014"]
[Source "ChessBase"]
[SourceDate "2013.11.20"]
[SourceVersion "1"]
[SourceVersionDate "2013.11.20"]
[SourceQuality "1"]
[WhiteTeam "Debrecen Sakkbaratok"]
[BlackTeam "Roszke II"]
[WhiteTeamCountry "HUN"]
[BlackTeamCountry "HUN"]

1. e4 c5 2. Nf3 Nc6 3. d4 cxd4 4. c3 d3 5. Bxd3 Qc7 6. c4 e6 7. 0-0 Nf6 8. Nc3 Be7 9. h3 0-0 10. Be3 b6 11. Rc1 Qb8 12. Nd4 Bb7 13. f4 d6 14. a3 Rd8 15. b4 Nxd4 16. Bxd4 e5 17. Be3 Qc8 18. Qe2 exf4 19. Bxf4 Qe6 20. Nd5 Ne8 21. Qf3 Rd7 22. c5 dxc5 23. Bb5 Rxd5 24. Bc4 cxb4 25. Bxd5 Qd7 26. axb4 Bxb4 27. Bd2 Bxd2 28. Bxf7+ Kh8 29. Bd5 Nf6 30. Rcd1 Bb4 31. Kh1 Rc8 32. Qb3 Nxd5 33. Qxb4 Nxb4 34. Rxd7 1/2-1/2

[Event "HUN-chT2 Toth 1213"]
[Site "Hungary"]
[Date "2012.12.02"]
[Round "5.4"]
[White "Fabian Nagy, Sandor"]
[Black "Miklos, Csaba"]
[Result "0-1"]
[WhiteElo "2097"]
[BlackElo "2067"]
[PlyCount "64"]
[EventDate "2012.09.16"]
[EventType "team-tourn"]
[EventRounds "11"]
[EventCountry "HUN"]
[SourceTitle "EXT 2014"]
[Source "ChessBase"]
[SourceDate "2013.11.20"]
[SourceVersion "1"]
[SourceVersionDate "2013.11.20"]
[SourceQuality "1"]
[WhiteTeam "Roszke II"]
[BlackTeam "Takisz"]
[WhiteTeamCountry "HUN"]
[BlackTeamCountry "HUN"]

1. e4 c5 2. Nf3 e6 3. d4 cxd4 4. Nxd4 Nc6 5. Be3 Nf6 6. Nxc6 bxc6 7. f3 d5 8. e5 Nd7 9. f4 Bb7 10. c3 Bc5 11. Bd4 0-0 12. Bxc5 Nxc5 13. Be2 Ne4 14. Bf3 Qb6 15. Bxe4 dxe4 16. Nd2 Rad8 17. Qe2 Ba6 18. c4 Qxb2 19. Rd1 Rd4 20. 0-0 Rfd8 21. Rf2 Bxc4 22. Qe3 Qc2 23. Re1 Rxd2 24. Rxd2 Qxd2 25. Qxd2 Rxd2 26. Rxe4 Bd5 27. Rb4 Rxg2+ 28. Kf1 h6 29. a4 Rxh2 30. Rb7 c5 31. Rxa7 c4 32. Rc7 Ra2 0-1

[Event "HUN-chT2 Toth 1213"]
[Site "Hungary"]
[Date "2012.11.04"]
[Round "3.3"]
[White "Halasz, Ferenc"]
[Black "Fabian Nagy, Sandor"]
[Result "1/2-1/2"]
[WhiteElo "2095"]
[BlackElo "2097"]
[PlyCount "63"]
[EventDate "2012.09.16"]
[EventType "team-tourn"]
[EventRounds "11"]
[EventCountry "HUN"]
[SourceTitle "EXT 2014"]
[Source "ChessBase"]
[SourceDate "2013.11.20"]
[SourceVersion "1"]
[SourceVersionDate "2013.11.20"]
[SourceQuality "1"]
[WhiteTeam "Abony"]
[BlackTeam "Roszke II"]
[WhiteTeamCountry "HUN"]
[BlackTeamCountry "HUN"]

1. e4 e5 2. Nf3 Nc6 3. Bb5 Bc5 4. 0-0 Nd4 5. Nxd4 Bxd4 6. c3 Bb6 7. d4 Qe7 8. Qd3 c6 9. Bc4 d6 10. Be3 Nf6 11. Nd2 0-0 12. Bg5 h6 13. Bh4 g5 14. Bg3 Bg4 15. Bb3 Rad8 16. h3 Bh5 17. Rfe1 Bg6 18. Bc2 Kh7 19. Nc4 Bc7 20. Qf3 Rfe8 21. Ne3 Nh5 22. Nf5 Qf6 23. Bh2 Nf4 24. Rad1 Bh5 25. g4 Bg6 26. Bxf4 gxf4 27. dxe5 dxe5 28. Rxd8 Rxd8 29. Rd1 Bb6 30. Rxd8 Qxd8 31. Qd3 Qxd3 32. Bxd3 1/2-1/2

[Event "HUN-chT2 Toth 1213"]
[Site "Hungary"]
[Date "2012.10.07"]
[Round "2.4"]
[White "Juhasz, Bela"]
[Black "Fabian Nagy, Sandor"]
[Result "1-0"]
[WhiteElo "2178"]
[BlackElo "2097"]
[PlyCount "69"]
[EventDate "2012.09.16"]
[EventType "team-tourn"]
[EventRounds "11"]
[EventCountry "HUN"]
[SourceTitle "EXT 2014"]
[Source "ChessBase"]
[SourceDate "2013.11.20"]
[SourceVersion "1"]
[SourceVersionDate "2013.11.20"]
[SourceQuality "1"]
[WhiteTeam "Ujszasz"]
[BlackTeam "Roszke II"]
[WhiteTeamCountry "HUN"]
[BlackTeamCountry "HUN"]

1. d4 Nf6 2. Nf3 e6 3. c4 d5 4. g3 dxc4 5. Qa4+ Bd7 6. Qxc4 Nc6 7. Bg2 Nd5 8. 0-0 Nb6 9. Qb3 Be7 10. a4 a5 11. e4 0-0 12. Nc3 Nb4 13. Be3 Rc8 14. Rfc1 c5 15. dxc5 Bxc5 16. Bxc5 Rxc5 17. Nb5 Qe7 18. Nfd4 Rfc8 19. Rc3 e5 20. Nf5 Bxf5 21. exf5 e4 22. Re1 Rc4 23. Rxc4 Rxc4 24. Nc3 Rc8 25. Bxe4 Nc4 26. Re2 Nd6 27. Bf3 Qg5 28. Qd1 Qxf5 29. Rd2 Ne8 30. Bg4 Qc5 31. Bxc8 Qxc8 32. Rd8 Qe6 33. Nb5 Nc6 34. Ra8 Kf8 35. Nc7 1-0

[Event "HUN-chT2 Toth 1213"]
[Site "Hungary"]
[Date "2012.09.16"]
[Round "1.3"]
[White "Fabian Nagy, Sandor"]
[Black "Prorok, Marton"]
[Result "1/2-1/2"]
[WhiteElo "2097"]
[BlackElo "2229"]
[PlyCount "49"]
[EventDate "2012.09.16"]
[EventType "team-tourn"]
[EventRounds "11"]
[EventCountry "HUN"]
[SourceTitle "EXT 2014"]
[Source "ChessBase"]
[SourceDate "2013.11.20"]
[SourceVersion "1"]
[SourceVersionDate "2013.11.20"]
[SourceQuality "1"]
[WhiteTeam "Roszke II"]
[BlackTeam "Mezobereny"]
[WhiteTeamCountry "HUN"]
[BlackTeamCountry "HUN"]

1. e4 c5 2. Nf3 b6 3. d4 cxd4 4. Nxd4 Bb7 5. Nc3 a6 6. Bd3 e6 7. 0-0 Bb4 8. Bd2 Nc6 9. Nxc6 Bxc6 10. Qg4 Nf6 11. Qxg7 Rg8 12. Qh6 Bxc3 13. Bxc3 Nxe4 14. f3 Nxc3 15. bxc3 Qg5 16. Qxg5 Rxg5 17. Rab1 b5 18. Rb4 a5 19. Rh4 h5 20. c4 b4 21. g3 Ke7 22. f4 Rc5 23. f5 Rh8 24. fxe6 fxe6 25. Rhf4 1/2-1/2

[Event "HUN-chT2 Toth 1112"]
[Site "Hungary"]
[Date "2012.05.06"]
[Round "10.4"]
[White "Fabian Nagy, Sandor"]
[Black "Szekeres, Sebestyen"]
[Result "1-0"]
[WhiteElo "2092"]
[BlackElo "2102"]
[PlyCount "102"]
[EventDate "2011.09.25"]
[EventType "team-tourn"]
[EventRounds "11"]
[EventCountry "HUN"]
[SourceTitle "EXT 2013"]
[Source "ChessBase"]
[SourceDate "2012.11.22"]
[SourceVersion "1"]
[SourceVersionDate "2012.11.22"]
[SourceQuality "1"]
[WhiteTeam "Roszke II"]
[BlackTeam "KHTK"]
[WhiteTeamCountry "HUN"]
[BlackTeamCountry "HUN"]

1. e4 c5 2. Nf3 d6 3. d4 cxd4 4. Nxd4 Nf6 5. Nc3 a6 6. Be2 Nc6 7. Be3 e5 8. Nb3 Be6 9. Nd5 Bxd5 10. exd5 Ne7 11. c4 b6 12. f3 g6 13. Qd2 Nf5 14. Bf2 a5 15. a4 Bh6 16. Qd3 0-0 17. g4 Ng7 18. Bh4 Bf4 19. Nd2 g5 20. Bf2 Re8 21. Ne4 Nxe4 22. Qxe4 f5 23. gxf5 Rf8 24. f6 Rxf6 25. Bd3 Rh6 26. Kd1 Ra7 27. Kc2 Rf7 28. Rag1 Kf8 29. Rg4 Nf5 30. h3 Qd7 31. b3 Qd8 32. Qe1 Nd4+ 33. Bxd4 exd4 34. Qe4 Be3 35. Be2 Rhf6 36. h4 Re7 37. Qd3 gxh4 38. Rgxh4 h6 39. Rg4 Qe8 40. Rh2 Qf7 41. Rhg2 h5 42. Rh4 Re5 43. Rxd4 Bxd4 44. Qxd4 Qe7 45. Kd2 Qc7 46. f4 Ref5 47. Bxh5 Qc5 48. Qe4 Rxh5 49. Re2 Rf7 50. Qe8+ Kg7 51. Rg2+ Kh6 1-0

[Event "HUN-chT2 Toth 1112"]
[Site "Hungary"]
[Date "2011.10.30"]
[Round "2.3"]
[White "Donko, Matyas"]
[Black "Fabian Nagy, Sandor"]
[Result "1-0"]
[WhiteElo "2073"]
[BlackElo "2092"]
[PlyCount "77"]
[EventDate "2011.09.25"]
[EventType "team-tourn"]
[EventRounds "11"]
[EventCountry "HUN"]
[SourceTitle "EXT 2013"]
[Source "ChessBase"]
[SourceDate "2012.11.22"]
[SourceVersion "1"]
[SourceVersionDate "2012.11.22"]
[SourceQuality "1"]
[WhiteTeam "Takisz"]
[BlackTeam "Roszke II"]
[WhiteTeamCountry "HUN"]
[BlackTeamCountry "HUN"]

1. e4 c5 2. Nf3 Nc6 3. Nc3 e6 4. d4 cxd4 5. Nxd4 a6 6. Be2 Qc7 7. 0-0 Nf6 8. Kh1 b6 9. f4 Nxd4 10. Qxd4 Bc5 11. Qd3 d6 12. Qg3 Bd4 13. e5 dxe5 14. Qxg7 Rg8 15. Qxf6 Bb7 16. Bf3 Qc4 17. Be3 Bxf3 18. Rxf3 Bxe3 19. Rxe3 exf4 20. Re4 Qc6 21. Rae1 Rg6 22. Qxf4 Rd8 23. R4e2 Kf8 24. Rf2 f5 25. Qe5 Kf7 26. Rxf5+ Kg8 27. Rf3 b5 28. a3 Qc4 29. Rg3 Rf8 30. Rxg6+ hxg6 31. h3 Kh7 32. Re4 Qf1+ 33. Kh2 Qf2 34. Qxe6 Rf3 35. Rg4 Rf6 36. Qe7+ Kh6 37. Ne4 Rf7 38. Rh4+ Kg7 39. Qe5+ 1-0

[Event "HUN-chT2 Toth 0910"]
[Site "Hungary"]
[Date "2010.05.02"]
[Round "11.1"]
[White "Fabian Nagy, Sandor"]
[Black "Csala, Imre"]
[Result "0-1"]
[WhiteElo "2126"]
[BlackElo "2203"]
[PlyCount "84"]
[EventDate "2009.11.08"]
[EventType "team-tourn"]
[EventRounds "11"]
[EventCountry "HUN"]
[SourceTitle "EXT 2011"]
[Source "ChessBase"]
[SourceDate "2010.11.26"]
[SourceVersion "1"]
[SourceVersionDate "2010.11.26"]
[SourceQuality "1"]
[WhiteTeam "Szentes Spartacus"]
[BlackTeam "Takisz"]
[WhiteTeamCountry "HUN"]
[BlackTeamCountry "HUN"]

1. e4 d6 2. d4 Nf6 3. Bd3 e5 4. d5 c5 5. f4 Bg4 6. Nf3 Nbd7 7. 0-0 Be7 8. h3 Bxf3 9. Qxf3 exf4 10. Bxf4 0-0 11. Nd2 Ne5 12. Bxe5 dxe5 13. Nc4 Nd7 14. a4 g6 15. Rf2 Bh4 16. g3 Bf6 17. Raf1 Qe7 18. Ne3 Bg7 19. b3 a6 20. Qg4 h5 21. d6 Qxd6 22. Qg5 b5 23. axb5 axb5 24. Bxb5 Nb6 25. Rd1 Qc7 26. g4 Rad8 27. gxh5 Rxd1+ 28. Nxd1 Qd8 29. Qg4 f5 30. exf5 gxf5 31. Qe2 e4 32. Rg2 Kh8 33. Nf2 Nd5 34. Nxe4 fxe4 35. Qxe4 Nf4 36. Bd3 Qd4+ 37. Kh1 Qxe4 38. Bxe4 Nxg2 39. Kxg2 Bc3 40. Kg3 Kg7 41. Kg4 Rf2 42. Kg5 Bd2+ 0-1

[Event "HUN-chT2 Toth 0910"]
[Site "Hungary"]
[Date "2010.04.11"]
[Round "9.1"]
[White "Fabian Nagy, Sandor"]
[Black "Berebora, Ferenc"]
[Result "0-1"]
[WhiteElo "2388"]
[BlackElo "2126"]
[PlyCount "106"]
[EventDate "2009.11.08"]
[EventType "team-tourn"]
[EventRounds "11"]
[EventCountry "HUN"]
[SourceTitle "EXT 2011"]
[Source "ChessBase"]
[SourceDate "2010.11.26"]
[SourceVersion "1"]
[SourceVersionDate "2010.11.26"]
[SourceQuality "1"]
[WhiteTeam "Szentes Spartacus"]
[BlackTeam "Kisujszallas"]
[WhiteTeamCountry "HUN"]
[BlackTeamCountry "HUN"]

1. e4 c5 2. Nf3 d6 3. c3 Nf6 4. Qc2 Qc7 5. d4 cxd4 6. Nxd4 a6 7. Be2 g6 8. Be3 Bg7 9. Nd2 0-0 10. 0-0 b5 11. f4 Nbd7 12. Bf3 Bb7 13. Rae1 e5 14. fxe5 Nxe5 15. h3 Rfe8 16. Bg5 Nxf3+ 17. N4xf3 d5 18. exd5 Bxd5 19. Bh4 Nh5 20. a3 Ng3 21. Rxe8+ Rxe8 22. Bxg3 Qxg3 23. Qd3 Bc6 24. Rd1 Bf8 25. b4 Qc7 26. Nd4 Bd5 27. Nf1 Be4 28. Qd2 Rc8 29. Qe3 Bb7 30. Rd3 Bd6 31. Ne2 Be5 32. Nd2 h5 33. Nf3 Bf6 34. Nfd4 Qc4 35. Rd2 Qc7 36. Rd3 Rd8 37. Nf3 Rxd3 38. Qxd3 Qc6 39. Kh2 Qe6 40. Ned4 Qa2 41. Nc2 Bxf3 42. gxf3 Qb3 43. Nd4 Qxa3 44. Qe3 Qa2+ 45. Kg3 h4+ 46. Kf4 Qh2+ 47. Ke4 Qxh3 48. Kd3 Qc8 49. f4 Qc4+ 50. Ke4 Bxd4 51. Qxd4 Qxd4+ 52. cxd4 Kf8 53. Kf3 f6 0-1